000 01571nab a2200253 i 4500
001 768714001
003 CO-MdFUSB
005 20260312145835.0
008 240517t1972 sp ||||| |||| 00| 0 spa d
040 _bspa
_cCO-MdFUSB
_dCO-MdFUSB
041 _aspa
100 _aHermann, Ingo,
_d1932-
_eautor
245 _aConflictos en la iglesia y su solución
_c/ Ingo Hermann ; traducido por Jesús Rey
520 _aDurante unos 25 años, se han propuesto teorías e investigaciones para estudiar la paz y los conflictos. Casi no hay rastro de esta actividad en la Iglesia católica. Aunque algunos católicos y algunas organizaciones católicas (como Pax Christi) participan en esta nueva ciencia y a pesar de que la Iglesia católica de Alemania Occidental es miembro. hermano "Deutsche Gesellschaft zur Förderung der Friedens". La iglesia no ha utilizado hasta ahora el conocimiento moderno del análisis de conflictos. Este hecho es tanto más sorprendente si se tiene en cuenta que desde el anuncio del Concilio Vaticano II las contradicciones dentro de la Iglesia se han vuelto cada vez más graves.
650 7 _aTeología pastoral
_9227
650 7 _aGestión de conflictos
_92119
650 7 _aNegociación
_92120
650 7 _aIglesia
_9655
653 _aReforma de la Iglesia
700 _aRey, Jesús,
_etraductor
773 0 _049450
_982641
_oR2563
_tRevista internacional de teología Concilium
_w(CO-MdFUSB)8
_x0210-1041
_gNúmero 73, (marzo, 1972), páginas: 402 - 414
_qpágina: 402
942 _cANA
945 _aCatherine Arias Alvarez - Practicante SENA
999 _c69762
_d69762